[Event "PMPJ 2022 - D13"]
[Site "Jastrzebia Gora"]
[Date "2022.11.09"]
[Round "6.6"]
[White "Pajer, Irena"]
[Black "Gancarz, Julia"]
[Result "1-0"]
[BlackElo "1044"]
[WhiteElo "1112"]
[LiveChessVersion "1.4.8"]

1. e4 {[%clk 1:30:54]} e5 {[%clk 1:30:40]} 2. Nf3 {[%clk 1:31:11]} Nc6
{[%clk 1:30:04]} 3. Bb5 {[%clk 1:29:47]} a6 {[%clk 1:29:41]} 4. Ba4
{[%clk 1:29:38]} Nf6 {[%clk 1:28:00]} 5. d3 {[%clk 1:29:22]} Be7 {[%clk 1:24:24]}
6. Bxc6 {[%clk 1:26:22]} bxc6 {[%clk 1:24:09]} 7. Nxe5 {[%clk 1:26:41]} Bb7
{[%clk 1:19:46]} 8. f4 {[%clk 1:22:42]} d5 {[%clk 1:18:46]} 9. Qe2
{[%clk 1:19:49]} Bc5 {[%clk 1:15:58]} 10. Be3 {[%clk 1:18:39]} Bb6
{[%clk 1:15:07]} 11. O-O {[%clk 1:18:21]} dxe4 {[%clk 1:14:24]} 12. dxe4
{[%clk 1:16:33]} O-O {[%clk 1:13:51]} 13. Bxb6 {[%clk 1:16:43]} cxb6
{[%clk 1:13:48]} 14. Nc3 {[%clk 1:16:46]} c5 {[%clk 1:12:14]} 15. Rad1
{[%clk 1:16:16]} Qe7 {[%clk 1:11:11]} 16. Rd2 {[%clk 1:06:27]} Rad8
{[%clk 1:09:29]} 17. Rfd1 {[%clk 1:05:53]} Rxd2 {[%clk 1:08:40]} 18. Rxd2
{[%clk 1:06:17]} Rd8 {[%clk 1:07:38]} 19. Rxd8+ {[%clk 1:02:48]} Qxd8
{[%clk 1:07:51]} 20. Nf3 {[%clk 1:02:18]} g6 {[%clk 1:07:05]} 21. Qd3
{[%clk 1:00:07]} Qe7 {[%clk 1:06:15]} 22. e5 {[%clk 1:00:21]} Nd7
{[%clk 1:06:00]} 23. Nd5 {[%clk 0:59:10]} Qe6 {[%clk 1:04:25]} 24. c4
{[%clk 0:59:14]} b5 {[%clk 1:03:19]} 25. b3 {[%clk 0:58:31]} Qg4 {[%clk 1:02:23]}
26. h3 {[%clk 0:58:17]} Qg3 {[%clk 1:01:24]} 27. Nf6+ {[%clk 0:58:08]} Nxf6
{[%clk 0:59:54]} 28. exf6 {[%clk 0:58:34]} h5 {[%clk 0:58:47]} 29. Qd8+
{[%clk 0:58:26]} Kh7 {[%clk 0:59:04]} 30. Ng5+ {[%clk 0:58:47]} 1-0

[Event "PMPJ 2022 - D13"]
[Site "Jastrzebia Gora"]
[Date "2022.11.09"]
[Round "6.8"]
[White "Wrona, Faustyna"]
[Black "Socha, Maja"]
[Result "1-0"]
[BlackElo "1081"]
[WhiteElo "1094"]
[LiveChessVersion "1.4.8"]

1. e4 {[%clk 1:30:11]} Nf6 {[%clk 1:30:20]} 2. e5 {[%clk 1:27:16]} Nd5
{[%clk 1:29:26]} 3. Nf3 {[%clk 1:25:05]} d6 {[%clk 1:27:47]} 4. d4
{[%clk 1:22:55]} Bg4 {[%clk 1:25:11]} 5. Be2 {[%clk 1:19:30]} Nc6
{[%clk 1:22:47]} 6. O-O {[%clk 1:19:44]} dxe5 {[%clk 1:20:18]} 7. dxe5
{[%clk 1:19:12]} e6 {[%clk 1:20:08]} 8. Re1 Be7 9. h3 {[%clk 1:18:04]} Bf5
{[%clk 1:19:48]} 10. a3 {[%clk 1:17:43]} O-O {[%clk 1:19:03]} 11. Nbd2
{[%clk 1:16:25]} f6 {[%clk 1:15:43]} 12. Bb5 {[%clk 1:12:29]} fxe5
{[%clk 1:09:59]} 13. Bxc6 {[%clk 1:12:47]} bxc6 {[%clk 1:09:52]} 14. Nxe5
{[%clk 1:13:04]} Qd6 {[%clk 1:08:15]} 15. Ndc4 {[%clk 1:12:30]} Qc5
{[%clk 1:01:58]} 16. Qe2 {[%clk 1:10:25]} Rad8 {[%clk 0:56:34]} 17. b4
{[%clk 1:04:46]} Qd4 {[%clk 0:53:04]} 18. Bb2 {[%clk 1:03:16]} Qh4
{[%clk 0:49:19]} 19. Nxc6 {[%clk 1:02:02]} Nf4 {[%clk 0:45:59]} 20. Nxe7+
{[%clk 1:01:31]} Qxe7 {[%clk 0:45:27]} 21. Qe3 {[%clk 0:56:40]} Qg5
{[%clk 0:43:32]} 22. Qg3 {[%clk 0:54:49]} Qh6 {[%clk 0:38:44]} 23. Be5
{[%clk 0:49:03]} Bxc2 {[%clk 0:32:36]} 24. Bxf4 {[%clk 0:43:55]} Rxf4
{[%clk 0:30:25]} 25. Rxe6 {[%clk 0:41:52]} Qxe6 {[%clk 0:29:29]} 26. Qxf4
{[%clk 0:41:44]} Rf8 {[%clk 0:29:10]} 27. Qd4 {[%clk 0:41:59]} Qg6
{[%clk 0:21:41]} 28. Ne3 {[%clk 0:40:15]} Be4 {[%clk 0:19:20]} 29. Rc1
{[%clk 0:38:40]} Bc6 {[%clk 0:13:53]} 30. Qc4+ {[%clk 0:38:18]} Kh8
{[%clk 0:07:24]} 31. Qxc6 {[%clk 0:38:30]} Qd3 {[%clk 0:05:57]} 32. Qxc7
{[%clk 0:36:27]} Qxa3 {[%clk 0:04:08]} 33. Qc5 {[%clk 0:36:04]} Kg8
{[%clk 0:03:57]} 34. Qc4+ {[%clk 0:35:21]} Kh8 {[%clk 0:04:10]} 35. Qc3
{[%clk 0:34:52]} Qa2 {[%clk 0:04:06]} 36. f3 {[%clk 0:33:54]} Qe2
{[%clk 0:02:09]} 37. Re1 {[%clk 0:33:39]} Qa6 {[%clk 0:01:07]} 38. Ng4
{[%clk 0:32:45]} Qb6+ {[%clk 0:00:48]} 39. Kh1 {[%clk 0:32:53]} Qg6
{[%clk 0:00:54]} 40. Qc5 {[%clk 0:32:01]} Kg8 {[%clk 0:00:37]} 41. Qxa7
{[%clk 0:31:10]} Qd6 {[%clk 0:00:38]} 42. Qa2+ {[%clk 0:31:12]} Kh8
{[%clk 0:01:01]} 43. Ne5 {[%clk 0:31:01]} Qc7 {[%clk 0:00:39]} 44. Nf7+
{[%clk 0:30:35]} Kg8 {[%clk 0:00:38]} 45. Ng5+ {[%clk 0:29:48]} Kh8
{[%clk 0:01:00]} 46. Qb1 {[%clk 0:30:05]} g6 {[%clk 0:00:36]} 47. Ne6
{[%clk 0:30:26]} Qf7 {[%clk 0:00:50]} 48. Nxf8 {[%clk 0:30:37]} Qxf8
{[%clk 0:01:13]} 49. Qb2+ {[%clk 0:30:43]} Kg8 {[%clk 0:01:37]} 50. Qb3+
{[%clk 0:31:03]} Kh8 {[%clk 0:01:47]} 51. Qc3+ {[%clk 0:31:26]} Kg8
{[%clk 0:02:02]} 52. Qc4+ {[%clk 0:31:51]} Kh8 {[%clk 0:02:27]} 53. Qd4+
{[%clk 0:32:11]} Kg8 {[%clk 0:02:31]} 54. Qd5+ {[%clk 0:32:17]} Kh8
{[%clk 0:02:41]} 55. Qe5+ {[%clk 0:32:24]} Kg8 {[%clk 0:02:54]} 56. Qe6+
{[%clk 0:32:48]} Kh8 {[%clk 0:02:58]} 57. Qe8 {[%clk 0:33:06]} Qxe8
{[%clk 0:03:11]} 58. Rxe8+ {[%clk 0:33:26]} Kg7 {[%clk 0:03:36]} 59. b5
{[%clk 0:33:48]} 1-0

[Event "PMPJ 2022 - D13"]
[Site "Jastrzebia Gora"]
[Date "2022.11.10"]
[Round "7.1"]
[White "Chmielek, Kamelia"]
[Black "Branka, Julia"]
[Result "0-1"]
[BlackElo "1143"]
[WhiteElo "1386"]
[LiveChessVersion "1.4.8"]

1. e4 {[%clk 1:30:59]} c5 {[%clk 1:30:57]} 2. Nf3 {[%clk 1:31:24]} g6
{[%clk 1:31:16]} 3. d4 {[%clk 1:31:51]} cxd4 {[%clk 1:31:43]} 4. Nxd4
{[%clk 1:32:16]} Nc6 {[%clk 1:32:04]} 5. c4 {[%clk 1:32:24]} Nf6 {[%clk 1:32:27]}
6. Nc3 {[%clk 1:32:45]} d6 {[%clk 1:32:49]} 7. f3 {[%clk 1:32:45]} Nxd4
{[%clk 1:33:13]} 8. Qxd4 {[%clk 1:33:03]} Bg7 {[%clk 1:33:39]} 9. Be3
{[%clk 1:32:58]} O-O {[%clk 1:34:00]} 10. Qd2 {[%clk 1:33:25]} Be6
{[%clk 1:33:57]} 11. Be2 {[%clk 1:32:16]} Rc8 {[%clk 1:33:15]} 12. b3
{[%clk 1:32:28]} d5 {[%clk 1:30:28]} 13. e5 {[%clk 1:25:22]} Nd7 {[%clk 1:17:03]}
14. Nxd5 {[%clk 1:22:50]} Nxe5 {[%clk 1:13:47]} 15. Rd1 {[%clk 1:22:13]} Qd7
{[%clk 1:02:42]} 16. O-O {[%clk 0:59:27]} Rfd8 {[%clk 1:00:17]} 17. Qe1
{[%clk 0:55:11]} Bxd5 {[%clk 0:57:32]} 18. Rxd5 {[%clk 0:53:03]} Qe6
{[%clk 0:56:55]} 19. Rxd8+ {[%clk 0:44:03]} Rxd8 {[%clk 0:57:18]} 20. Qf2
{[%clk 0:34:26]} a6 {[%clk 0:55:51]} 21. Rd1 {[%clk 0:30:24]} Rxd1+
{[%clk 0:54:51]} 22. Bxd1 {[%clk 0:30:46]} Nc6 {[%clk 0:54:24]} 23. Kf1
{[%clk 0:26:58]} Qd6 {[%clk 0:52:17]} 24. Qd2 {[%clk 0:22:00]} Qxh2
{[%clk 0:49:28]} 25. Qd7 {[%clk 0:12:25]} Qh1+ {[%clk 0:41:30]} 26. Kf2
{[%clk 0:11:29]} Bc3 {[%clk 0:38:17]} 27. Bd2 {[%clk 0:09:03]} Bxd2
{[%clk 0:37:21]} 28. Qxd2 {[%clk 0:09:24]} Qh4+ {[%clk 0:36:56]} 29. Kf1
{[%clk 0:06:56]} Qd4 {[%clk 0:35:02]} 30. Qe2 {[%clk 0:02:31]} Ne5
{[%clk 0:24:04]} 31. Ke1 {[%clk 0:01:35]} Nd3+ {[%clk 0:20:00]} 32. Kf1
{[%clk 0:02:01]} Nf4 {[%clk 0:18:17]} 33. Qxe7 {[%clk 0:00:41]} Qxd1+
{[%clk 0:17:47]} 34. Kf2 {[%clk 0:01:09]} Nd3+ {[%clk 0:17:13]} 35. Kg3
{[%clk 0:01:31]} Qe1+ {[%clk 0:17:38]} 0-1

[Event "PMPJ 2022 - D13"]
[Site "Jastrzebia Gora"]
[Date "2022.11.10"]
[Round "7.3"]
[White "Walerjan, Ada"]
[Black "Doskocz, Dominika"]
[Result "0-1"]
[BlackElo "1158"]
[WhiteElo "1209"]
[LiveChessVersion "1.4.8"]

1. e4 {[%clk 1:30:57]} e5 {[%clk 1:30:55]} 2. Nf3 {[%clk 1:31:20]} Nc6
{[%clk 1:31:19]} 3. Bc4 {[%clk 1:31:41]} Bc5 {[%clk 1:31:20]} 4. O-O
{[%clk 1:31:52]} Nf6 {[%clk 1:31:46]} 5. d4 {[%clk 1:32:03]} Bxd4
{[%clk 1:28:58]} 6. Nxd4 {[%clk 1:32:00]} Nxd4 {[%clk 1:29:06]} 7. f4
{[%clk 1:31:12]} d6 {[%clk 1:21:07]} 8. fxe5 {[%clk 1:30:04]} dxe5
{[%clk 1:15:06]} 9. Bg5 {[%clk 1:24:09]} Bd7 {[%clk 1:02:18]} 10. Nc3
{[%clk 1:17:58]} h6 {[%clk 0:59:31]} 11. Bxf6 {[%clk 1:16:28]} gxf6
{[%clk 0:59:50]} 12. Nd5 {[%clk 1:15:41]} f5 {[%clk 0:57:13]} 13. exf5
{[%clk 0:59:16]} Bc6 {[%clk 0:48:50]} 14. Nb4 {[%clk 0:49:40]} Qf6
{[%clk 0:40:33]} 15. Nxc6 {[%clk 0:38:34]} Qxc6 {[%clk 0:40:34]} 16. Bd3
{[%clk 0:27:50]} O-O-O {[%clk 0:39:21]} 17. c3 {[%clk 0:24:34]} Rhg8
{[%clk 0:34:25]} 18. Rf2 {[%clk 0:20:33]} Nb5 {[%clk 0:33:13]} 19. Qe2
{[%clk 0:18:34]} a6 {[%clk 0:23:38]} 20. Re1 {[%clk 0:11:09]} f6 {[%clk 0:21:32]}
21. Be4 {[%clk 0:10:32]} Qe8 {[%clk 0:17:41]} 22. Qf3 {[%clk 0:07:52]} Nd6
{[%clk 0:16:11]} 23. Bd5 {[%clk 0:07:44]} Rg5 {[%clk 0:15:24]} 24. Be4
{[%clk 0:05:26]} Nxe4 {[%clk 0:14:14]} 25. Rxe4 {[%clk 0:05:12]} Qc6
{[%clk 0:12:42]} 26. Kf1 {[%clk 0:02:30]} Rd1+ {[%clk 0:10:06]} 27. Ke2
{[%clk 0:00:58]} Qd5 {[%clk 0:08:46]} 28. Qe3 {[%clk 0:01:27]} Rd2+
{[%clk 0:08:18]} 29. Qxd2 {[%clk 0:01:23]} Qxe4+ {[%clk 0:08:35]} 30. Kd1
{[%clk 0:00:46]} Qb1+ {[%clk 0:07:05]} 31. Qc1 {[%clk 0:00:54]} Qxa2
{[%clk 0:06:46]} 32. Qc2 {[%clk 0:01:18]} Qd5+ {[%clk 0:07:00]} 33. Qd2
{[%clk 0:00:56]} Qxd2+ {[%clk 0:07:01]} 34. Kxd2 {[%clk 0:01:25]} Kd7
{[%clk 0:07:17]} 35. Kd3 {[%clk 0:01:42]} Kd6 {[%clk 0:07:17]} 36. g3
{[%clk 0:01:55]} Kd5 {[%clk 0:07:21]} 37. Ke3 {[%clk 0:01:53]} Kc4
{[%clk 0:07:19]} 38. Ke4 {[%clk 0:02:14]} c6 {[%clk 0:06:59]} 39. Ke3
{[%clk 0:02:14]} b5 {[%clk 0:06:34]} 40. Ke4 {[%clk 0:02:30]} a5 {[%clk 0:06:42]}
41. Rg2 {[%clk 0:02:51]} h5 {[%clk 0:06:21]} 42. h3 {[%clk 0:03:10]} Kc5
{[%clk 0:05:30]} 43. g4 {[%clk 0:03:13]} hxg4 {[%clk 0:05:44]} 44. Rxg4
{[%clk 0:03:33]} Rh5 {[%clk 0:05:28]} 45. Rg3 {[%clk 0:03:20]} Kc4
{[%clk 0:05:19]} 46. Rg6 {[%clk 0:03:16]} Rh4+ {[%clk 0:04:46]} 47. Ke3
{[%clk 0:02:56]} Rxh3+ {[%clk 0:04:52]} 48. Kd2 {[%clk 0:03:14]} Rd3+
{[%clk 0:04:16]} 49. Kc2 {[%clk 0:03:28]} Rd6 {[%clk 0:04:28]} 50. Rg4+
{[%clk 0:03:38]} Kc5 {[%clk 0:04:42]} 51. Re4 {[%clk 0:02:58]} Kb6
{[%clk 0:02:36]} 52. Kb3 {[%clk 0:03:12]} c5 {[%clk 0:01:58]} 53. Kc2
{[%clk 0:03:25]} b4 {[%clk 0:01:22]} 54. Kb3 {[%clk 0:03:09]} a4+
{[%clk 0:01:13]} 55. Kxa4 {[%clk 0:03:16]} bxc3 {[%clk 0:01:20]} 56. bxc3
{[%clk 0:03:42]} Rd7 {[%clk 0:01:11]} 57. Kb3 {[%clk 0:03:16]} Rd3
{[%clk 0:01:00]} 58. Rh4 {[%clk 0:03:09]} Rf3 {[%clk 0:00:56]} 59. Rh5
{[%clk 0:03:38]} Kb5 {[%clk 0:01:02]} 60. Kc2 {[%clk 0:03:37]} Kc4
{[%clk 0:01:18]} 61. Rh4+ {[%clk 0:03:59]} Rf4 {[%clk 0:01:12]} 62. Rxf4+
{[%clk 0:01:40]} exf4 {[%clk 0:01:36]} 63. Kd2 {[%clk 0:01:45]} f3
{[%clk 0:01:50]} 64. Ke3 {[%clk 0:01:12]} Kxc3 {[%clk 0:02:06]} 65. Kxf3
{[%clk 0:01:25]} Kd2 {[%clk 0:02:14]} 66. Ke4 {[%clk 0:01:47]} c4
{[%clk 0:02:36]} 67. Kd5 {[%clk 0:02:15]} c3 {[%clk 0:03:00]} 68. Ke6
{[%clk 0:02:43]} c2 {[%clk 0:03:23]} 69. Kxf6 {[%clk 0:03:10]} c1=Q
{[%clk 0:03:46]} 70. Kg7 {[%clk 0:03:35]} Qc7+ {[%clk 0:03:39]} 71. Kg6
{[%clk 0:04:02]} Qd6+ {[%clk 0:02:56]} 72. f6 {[%clk 0:04:30]} Qf8
{[%clk 0:02:21]} 73. f7 {[%clk 0:04:54]} Ke3 {[%clk 0:02:41]} 74. Kf6
{[%clk 0:05:15]} Kf4 {[%clk 0:02:54]} 75. Kg6 {[%clk 0:05:38]} Ke5
{[%clk 0:03:03]} 76. Kh7 {[%clk 0:06:06]} Qxf7+ {[%clk 0:03:16]} 77. Kh6
{[%clk 0:06:28]} Qg8 {[%clk 0:03:31]} 0-1

[Event "PMPJ 2022 - D13"]
[Site "Jastrzebia Gora"]
[Date "2022.11.10"]
[Round "7.4"]
[White "Kucia, Kinga"]
[Black "Drozd, Gabriela"]
[Result "1/2-1/2"]
[BlackElo "1107"]
[WhiteElo "1162"]
[LiveChessVersion "1.4.8"]

1. d4 {[%clk 1:30:58]} d5 {[%clk 1:30:52]} 2. c4 {[%clk 1:31:23]} e6
{[%clk 1:30:38]} 3. Nc3 {[%clk 1:31:31]} Nf6 {[%clk 1:30:54]} 4. cxd5
{[%clk 1:31:54]} exd5 {[%clk 1:31:16]} 5. Bg5 {[%clk 1:32:14]} c6
{[%clk 1:31:36]} 6. Qc2 {[%clk 1:31:59]} Be7 {[%clk 1:30:35]} 7. Nf3
{[%clk 1:31:53]} h6 {[%clk 1:29:36]} 8. Bh4 {[%clk 1:32:12]} O-O {[%clk 1:29:34]}
9. e3 {[%clk 1:32:25]} Re8 {[%clk 1:29:17]} 10. Bd3 {[%clk 1:31:58]} Nbd7
{[%clk 1:26:09]} 11. O-O {[%clk 1:31:20]} Ne4 {[%clk 1:25:23]} 12. Bxe7
{[%clk 1:29:31]} Qxe7 {[%clk 1:25:30]} 13. Rab1 {[%clk 1:22:31]} Ndf6
{[%clk 1:18:58]} 14. b4 {[%clk 1:14:56]} Bd7 {[%clk 1:13:20]} 15. Rfc1
{[%clk 0:59:51]} Ng4 {[%clk 0:55:10]} 16. Nd1 {[%clk 0:45:57]} Rab8
{[%clk 0:45:28]} 17. h3 {[%clk 0:43:38]} Ngf6 {[%clk 0:43:23]} 18. Nc3
{[%clk 0:37:47]} Kh8 {[%clk 0:35:35]} 19. Ne5 {[%clk 0:32:03]} Nxc3
{[%clk 0:33:24]} 20. Qxc3 {[%clk 0:30:30]} Ne4 {[%clk 0:31:54]} 21. Qc2
{[%clk 0:26:09]} Nd6 {[%clk 0:29:57]} 22. Qe2 {[%clk 0:17:46]} Bf5
{[%clk 0:28:11]} 23. Bxf5 {[%clk 0:15:55]} Nxf5 {[%clk 0:28:24]} 24. b5
{[%clk 0:14:08]} cxb5 {[%clk 0:28:00]} 25. Rxb5 {[%clk 0:14:02]} Red8
{[%clk 0:27:12]} 26. Rbc5 {[%clk 0:13:34]} Qe6 {[%clk 0:25:46]} 27. Rc7
{[%clk 0:12:06]} Nd6 {[%clk 0:25:05]} 28. Qh5 {[%clk 0:09:30]} Kg8
{[%clk 0:25:09]} 29. Qf3 {[%clk 0:08:42]} Ra8 {[%clk 0:24:32]} 30. Qe2
{[%clk 0:06:17]} Rf8 {[%clk 0:23:49]} 31. Qd3 {[%clk 0:03:40]} Rad8
{[%clk 0:22:49]} 32. a4 {[%clk 0:03:15]} Rfe8 {[%clk 0:22:03]} 33. Qe2
{[%clk 0:02:01]} Re7 {[%clk 0:22:01]} 34. Rxe7 {[%clk 0:01:23]} Qxe7
{[%clk 0:22:29]} 35. Qb2 {[%clk 0:00:54]} g6 {[%clk 0:21:55]} 36. Rc2
{[%clk 0:00:55]} Kg7 {[%clk 0:21:15]} 37. Qc1 {[%clk 0:00:44]} Qe8
{[%clk 0:21:28]} 38. a5 {[%clk 0:01:02]} Rc8 {[%clk 0:21:09]} 39. Rc7
{[%clk 0:00:35]} Qd8 {[%clk 0:19:59]} 40. Rxc8 {[%clk 0:00:46]} Qxc8
{[%clk 0:20:28]} 41. Qxc8 {[%clk 0:00:40]} Nxc8 {[%clk 0:20:57]} 42. Nd3
{[%clk 0:00:42]} Kf6 {[%clk 0:20:59]} 43. Kf1 {[%clk 0:00:53]} Ke7
{[%clk 0:20:56]} 44. Ke2 {[%clk 0:01:05]} Nd6 {[%clk 0:21:02]} 45. Nc5
{[%clk 0:00:45]} Kf6 {[%clk 0:20:30]} 46. Nd7+ {[%clk 0:00:53]} Kf5
{[%clk 0:20:33]} 47. g4+ {[%clk 0:00:40]} Kg5 {[%clk 0:20:18]} 48. Kf3
{[%clk 0:00:33]} Kh4 {[%clk 0:20:18]} 49. Kg2 {[%clk 0:00:44]} h5
{[%clk 0:19:59]} 50. gxh5 {[%clk 0:00:56]} Kxh5 {[%clk 0:20:21]} 51. Nf6+
{[%clk 0:01:18]} Kg5 {[%clk 0:20:37]} 52. Nxd5 {[%clk 0:01:30]} Nc4
{[%clk 0:20:33]} 53. a6 {[%clk 0:01:27]} bxa6 {[%clk 0:20:59]} 54. Nb4
{[%clk 0:01:36]} a5 {[%clk 0:21:20]} 55. Na2 {[%clk 0:01:49]} a4 {[%clk 0:21:28]}
56. Kg3 {[%clk 0:01:39]} Kf5 {[%clk 0:21:26]} 57. Kf3 {[%clk 0:01:49]} Nd2+
{[%clk 0:21:23]} 58. Ke2 {[%clk 0:02:06]} Ne4 {[%clk 0:21:38]} 59. f3
{[%clk 0:02:06]} Ng5 {[%clk 0:21:54]} 60. h4 {[%clk 0:01:56]} Ne6
{[%clk 0:21:08]} 61. Kf2 {[%clk 0:01:34]} Ng7 {[%clk 0:21:11]} 62. Kg3
{[%clk 0:01:22]} g5 {[%clk 0:21:19]} 63. e4+ {[%clk 0:01:32]} Kg6
{[%clk 0:21:25]} 64. hxg5 {[%clk 0:01:17]} Kxg5 {[%clk 0:21:48]} 65. f4+
{[%clk 0:01:15]} Kf6 {[%clk 0:21:57]} 66. Kg4 {[%clk 0:01:22]} Ke7
{[%clk 0:20:54]} 67. f5 {[%clk 0:01:13]} f6 {[%clk 0:20:48]} 68. e5
{[%clk 0:01:21]} Ne8 {[%clk 0:21:02]} 69. exf6+ {[%clk 0:01:36]} Kxf6
{[%clk 0:21:16]} 70. Kf4 {[%clk 0:01:43]} Nd6 {[%clk 0:21:37]} 71. Ke3
{[%clk 0:01:59]} 1/2-1/2

[Event "PMPJ 2022 - D13"]
[Site "Jastrzebia Gora"]
[Date "2022.11.10"]
[Round "7.5"]
[White "Kaminska, Zuzanna"]
[Black "Kretowicz, Daria"]
[Result "0-1"]
[BlackElo "1115"]
[WhiteElo "1066"]
[LiveChessVersion "1.4.8"]

1. e4 {[%clk 1:30:59]} c5 {[%clk 1:30:53]} 2. Nf3 {[%clk 1:31:09]} d6
{[%clk 1:28:06]} 3. c4 {[%clk 1:31:23]} Nf6 {[%clk 1:24:38]} 4. Nc3
{[%clk 1:29:08]} Nc6 {[%clk 1:19:22]} 5. d4 {[%clk 1:26:04]} cxd4
{[%clk 1:15:00]} 6. Nxd4 {[%clk 1:26:12]} Qb6 {[%clk 1:06:15]} 7. Nxc6
{[%clk 1:19:07]} Qxc6 {[%clk 1:02:03]} 8. Bd3 {[%clk 1:16:02]} a6
{[%clk 0:50:43]} 9. O-O {[%clk 1:10:30]} g6 {[%clk 0:47:20]} 10. Qf3
{[%clk 1:03:41]} Bg7 {[%clk 0:43:14]} 11. b3 {[%clk 0:59:18]} O-O
{[%clk 0:41:02]} 12. Bb2 {[%clk 0:55:28]} Bg4 {[%clk 0:32:15]} 13. Qg3
{[%clk 0:53:44]} Be6 {[%clk 0:30:31]} 14. Rab1 {[%clk 0:47:18]} Rac8
{[%clk 0:29:04]} 15. Nd5 {[%clk 0:47:02]} Bxd5 {[%clk 0:28:41]} 16. exd5
{[%clk 0:47:18]} Qc5 {[%clk 0:27:13]} 17. Qe3 {[%clk 0:41:37]} Qxe3
{[%clk 0:25:57]} 18. fxe3 {[%clk 0:41:10]} Ng4 {[%clk 0:22:18]} 19. Bxg7
{[%clk 0:40:02]} Kxg7 {[%clk 0:22:38]} 20. Rfe1 {[%clk 0:38:35]} Ne5
{[%clk 0:22:28]} 21. Bc2 {[%clk 0:33:24]} b5 {[%clk 0:21:47]} 22. Rec1
{[%clk 0:28:14]} bxc4 {[%clk 0:21:26]} 23. bxc4 {[%clk 0:28:33]} Nxc4
{[%clk 0:21:10]} 24. Bd3 {[%clk 0:27:58]} Nxe3 {[%clk 0:20:46]} 25. Rxc8
{[%clk 0:27:28]} Rxc8 {[%clk 0:21:07]} 26. Bxa6 {[%clk 0:27:50]} Ra8
{[%clk 0:20:14]} 27. Bb7 {[%clk 0:27:26]} Rxa2 {[%clk 0:19:46]} 0-1

[Event "PMPJ 2022 - D13"]
[Site "Jastrzebia Gora"]
[Date "2022.11.10"]
[Round "7.6"]
[White "Woytitzki, Sophie"]
[Black "Pajer, Irena"]
[Result "1-0"]
[BlackElo "1112"]
[WhiteElo "1129"]
[LiveChessVersion "1.4.8"]

1. e4 {[%clk 1:30:58]} Nf6 {[%clk 1:30:49]} 2. Nc3 {[%clk 1:31:21]} d5
{[%clk 1:30:27]} 3. e5 {[%clk 1:30:46]} Nfd7 {[%clk 1:30:13]} 4. Nf3
{[%clk 1:31:07]} Nb6 {[%clk 1:28:50]} 5. d4 {[%clk 1:31:08]} Bg4 {[%clk 1:28:34]}
6. Be3 {[%clk 1:31:15]} e6 {[%clk 1:27:44]} 7. a3 {[%clk 1:31:13]} Be7
{[%clk 1:26:30]} 8. Bd3 {[%clk 1:31:08]} O-O {[%clk 1:24:24]} 9. Qe2
{[%clk 1:31:24]} N8d7 {[%clk 1:24:15]} 10. O-O-O {[%clk 1:31:40]} c5
{[%clk 1:23:49]} 11. h3 {[%clk 1:31:17]} Bxf3 {[%clk 1:13:07]} 12. Qxf3
{[%clk 1:31:36]} cxd4 {[%clk 1:06:06]} 13. Bxd4 {[%clk 1:31:07]} Bc5
{[%clk 1:00:21]} 14. Bxh7+ {[%clk 1:22:13]} Kxh7 {[%clk 0:58:26]} 15. Qh5+
{[%clk 1:22:35]} Kg8 {[%clk 0:58:38]} 16. Bxc5 {[%clk 1:22:25]} Nxc5
{[%clk 0:58:32]} 17. Rd4 {[%clk 1:22:30]} f5 {[%clk 0:53:46]} 18. Rh4
{[%clk 1:20:27]} Qe8 {[%clk 0:48:18]} 19. Qg5 {[%clk 1:17:41]} Kf7
{[%clk 0:35:04]} 20. Rh7 {[%clk 1:17:14]} Rg8 {[%clk 0:35:06]} 21. Qf6#
{[%clk 1:17:25]} 1-0

[Event "PMPJ 2022 - D13"]
[Site "Jastrzebia Gora"]
[Date "2022.11.10"]
[Round "7.7"]
[White "Socha, Maja"]
[Black "Cichon, Julia"]
[Result "1-0"]
[BlackElo "1032"]
[WhiteElo "1081"]
[LiveChessVersion "1.4.8"]

1. e4 {[%clk 1:30:51]} c6 {[%clk 1:30:39]} 2. d4 {[%clk 1:30:52]} d5
{[%clk 1:30:31]} 3. exd5 {[%clk 1:30:38]} cxd5 {[%clk 1:29:35]} 4. Bd3
{[%clk 1:29:47]} Nf6 {[%clk 1:28:09]} 5. Bf4 {[%clk 1:28:06]} Nc6
{[%clk 1:25:22]} 6. c3 {[%clk 1:27:36]} Bg4 {[%clk 1:23:49]} 7. Qb3
{[%clk 1:26:19]} Qd7 {[%clk 1:19:29]} 8. Nd2 {[%clk 1:23:45]} e6 {[%clk 1:16:27]}
9. Ngf3 {[%clk 1:21:39]} Bxf3 {[%clk 1:15:06]} 10. Nxf3 {[%clk 1:21:20]} Qc8
{[%clk 1:06:28]} 11. O-O {[%clk 1:17:58]} Be7 {[%clk 1:04:07]} 12. Rfe1
{[%clk 1:13:57]} O-O {[%clk 1:01:39]} 13. Qd1 {[%clk 1:10:22]} h6
{[%clk 0:58:56]} 14. Ne5 {[%clk 1:06:56]} a6 {[%clk 0:49:03]} 15. Ng4
{[%clk 0:58:32]} Qd8 {[%clk 0:41:22]} 16. Nxf6+ {[%clk 0:52:55]} Bxf6
{[%clk 0:41:23]} 17. Qh5 {[%clk 0:50:41]} Bg5 {[%clk 0:38:10]} 18. Bg3
{[%clk 0:46:26]} b5 {[%clk 0:31:26]} 19. h4 {[%clk 0:44:07]} Bf6 {[%clk 0:29:25]}
20. Re3 {[%clk 0:42:25]} b4 {[%clk 0:25:26]} 21. Bf4 {[%clk 0:39:08]} bxc3
{[%clk 0:20:24]} 22. bxc3 {[%clk 0:37:01]} Bxh4 {[%clk 0:18:49]} 23. Bxh6
{[%clk 0:29:25]} Bxf2+ {[%clk 0:14:36]} 24. Kxf2 {[%clk 0:26:27]} Qf6+
{[%clk 0:14:39]} 25. Rf3 {[%clk 0:26:01]} Qxh6 {[%clk 0:14:37]} 26. Qxh6
{[%clk 0:26:03]} gxh6 {[%clk 0:14:57]} 27. Rg3+ {[%clk 0:26:25]} Kh8
{[%clk 0:14:43]} 28. Rh1 {[%clk 0:26:47]} 1-0